To change the world (Record no. 5487)

MARC details
000 -LEADER
fixed length control field 00727nam a2200193Ia 4500
003 - CONTROL NUMBER IDENTIFIER
control field GBCCL
005 - DATE AND TIME OF LATEST TRANSACTION
control field 20241126110543.0
008 - FIXED-LENGTH DATA ELEMENTS--GENERAL INFORMATION
fixed length control field 180322b ||||| |||| 00| 0 eng d
040 ## - CATALOGING SOURCE
Transcribing agency GBC
082 ## - DEWEY DECIMAL CLASSIFICATION NUMBER
Classification number 261.8
Item number COG
100 ## - MAIN ENTRY--PERSONAL NAME
Personal name Coggins, Ross
9 (RLIN) 9891
245 ## - TITLE STATEMENT
Title To change the world
260 ## - PUBLICATION, DISTRIBUTION, ETC.
Place of publication, distribution, etc. Nashville, TN :
Name of publisher, distributor, etc. Broadman Press,
Date of publication, distribution, etc. 1964.
300 ## - PHYSICAL DESCRIPTION
Extent viii, 117 pages ;
Other physical details 20 cm
505 ## - FORMATTED CONTENTS NOTE
Formatted contents note To change the world --<br/>Toward a realistic world-view --<br/>An assessment of the churches --<br/>The indispensable factor: Christian character --<br/>To change America --<br/>Into all the world --<br/>The recovery of revolution --<br/>world changers.
650 ## - SUBJECT ADDED ENTRY--TOPICAL TERM
Topical term or geographic name entry element Christianity
Chronological subdivision 20th century.
9 (RLIN) 436
650 ## - SUBJECT ADDED ENTRY--TOPICAL TERM
Topical term or geographic name entry element Christianity.
9 (RLIN) 479
942 ## - ADDED ENTRY ELEMENTS (KOHA)
Source of classification or shelving scheme Dewey Decimal Classification
Koha item type Books
Holdings
Withdrawn status Lost status Source of classification or shelving scheme Damaged status Not for loan Home library Current Library Shelving location Date acquired Total checkouts Full call number Barcode Date last seen Copy number Price effective from Koha item type
    Dewey Decimal Classification     GRACE BIBLE COLLEGE GRACE BIBLE COLLEGE Ministry & Mission 2018-03-22   261.8 COG 007139 2025-05-01 c.1 2018-03-22 Books
© Grace Bible College Library 2025